Lo accesible y lo inaccesible (Record no. 157917)

MARC details
000 -LEADER
campo de control de longitud fija 00724nam a22001815i 4500
001 - NÚMERO DE CONTROL
campo de control 157917
003 - IDENTIFICADOR DE NÚMERO DE CONTROL
campo de control ES-MaACL
005 - FECHA Y HORA DE LA ÚLTIMA TRANSACCIÓN
campo de control 20250804062752.0
008 - DATOS DE LONGITUD FIJA--INFORMACIÓN GENERAL
campo de control de longitud fija 040819s1886 sp |||| | spa d
040 ## - FUENTE DE CATALOGACIÓN
Centro catalogador/agencia de origen CAM
Lengua de catalogación spa
Centro/agencia transcriptor CAM
100 1# - ENTRADA PRINCIPAL--NOMBRE DE PERSONA
Nombre de persona Lois, Octavio.
9 (RLIN) 129035
245 13 - MENCIÓN DEL TÍTULO
Título Lo accesible y lo inaccesible
Resto del título : estudios populares de filosofía positivista /
Mención de responsabilidad, etc. Octavio Lois.
260 ## - PUBLICACIÓN, DISTRIBUCIÓN, ETC.
Lugar de publicación, distribución, etc. Bilbao :
Nombre del editor, distribuidor, etc. [s.n.],
Fecha de publicación, distribución, etc. 1886 (
Fabricante Establecimiento tip. de J. Busto)
300 ## - DESCRIPCIÓN FÍSICA
Extensión 295 p. ;
Dimensiones 16 cm.
650 #7 - PUNTO DE ACCESO ADICIONAL DE MATERIA--TÉRMINO DE MATERIA
Término de materia o nombre geográfico como elemento de entrada Filosofía
Fuente del encabezamiento o término embne
9 (RLIN) 12802
852 ## - LOCALIZACIÓN
Ubicación ES-MaACL
Número de control de estantería T-482-F-7
Nota libre -- Enc. hol.
-- -- Dedicatoria ms. del autor a la biblioteca del Ateneo, 1887
condición física -- Falto de la cub. original
Nota libre -- Enc. en un vol. facticio
Holdings
Estatus retirado Estado de pérdida Estado de daño No para préstamo Colección Biblioteca de origen Biblioteca actual Ubicación en estantería Fecha de adquisición Total de préstamos Signatura topográfica completa Código de barras Visto por última vez Precio de reemplazo Tipo de ítem Koha
        Colección de folletos Biblioteca del Ateneo de Madrid Biblioteca del Ateneo de Madrid Depósito folletos 17/01/2008   T-482-F-7 1165269 23/02/2023 23/02/2023 Folleto